A 10 legtöbb bort termelő ország - Sudden Death - Statistics

General Stats
  • This quiz has been taken 30 times
  • The average score is 4 of 10
Answers on the Grid
Answers color-coded by a green-red scale on the quiz's grid according to % correct below.
Görögország
Ausztria
Luxemburg
Olaszország
Franciaország
Andorra
Hollandia
Svájc
Magyarország
Spanyolország
Kína
Egyesült Államok
Ausztrália
Argentína
Románia
Bulgária
Dél-afrikai Köztársaság
Chile
India
Kolumbia
Costa Rica
Portugália
Thaiföld
Új-Zéland
Japán
 
Answer Stats
Answer % Correct
Franciaország
83%
Olaszország
75%
Spanyolország
58%
Portugália
50%
Dél-afrikai Köztársaság
42%
Chile
33%
Egyesült Államok
33%
Argentína
17%
Kína
8%
Ausztrália
0%
No matching quizzes found
Score Distribution
Percent of People with Each Score
Percentile by Number Answered
Your Score History
You have not taken this quiz